000 00377nam a2200133Ia 4500
008 151001s9999||||xx |||||||||||||| ||und||
100 _aजगन्नाथ कुंटे
245 _aनित्य निरंजन
250 _a11
260 _b"प्राजक्त प्रकाशन, पुणे "
260 _c2013
300 _a224
365 _b21
999 _c1002017
_d1002014